/ 3



Sohni mahinwal (Record no. 21850)

MARC details
000 -LEADER
fixed length control field 00327nam a2200145Ia 4500
008 - FIXED-LENGTH DATA ELEMENTS--GENERAL INFORMATION
fixed length control field 090707b ii f a fnsan d
040 ## - CATALOGING SOURCE
Original cataloging agency RCL
100 ## - MAIN ENTRY--PERSONAL NAME
Personal name Ghuman,Bikram Singh
245 ## - TITLE STATEMENT
Title Sohni mahinwal
260 ## - PUBLICATION, DISTRIBUTION, ETC.
Place of publication Amritsar
260 ## - PUBLICATION, DISTRIBUTION, ETC.
Name of publisher Waris Shah Foundation
260 ## - PUBLICATION, DISTRIBUTION, ETC.
Year of publication 2006
300 ## - PHYSICAL DESCRIPTION
Number of Pages 112p.
942 ## - ADDED ENTRY ELEMENTS (KOHA)
Koha item type Books
Holdings
Accession Number Cost, replacement price Lost status Damaged status Price effective from Koha item type Not for loan Collection code Withdrawn status Home library Current library Shelving location Date acquired Cost, normal purchase price
46401 150.00     10/02/2018 Books   Punjabi Department Books   RCL RCL General Stacks 10/02/2018 150.00

Find us on the map

Contact Us

RAMANUJAN COLLEGE UNIVERSITY OF DELHI, KALKAJI, NEW DELHI 110019
library@ramaanujan.du.ac.in
011-35002219
https://library.ramanujancollege.ac.in/
ramanujancollegelibrary
                                 
Customized & Maintained by Department of Library
Visitor Counter